000 00585nam a2200205Ia 4500
001 8316
003 GE_BSU
008 181216s||||||||xx |||||||||||||| ||und||
040 _cGE_BSU
245 _aВопросы философии, №10. 2013.
245 _cгл.ред.Пружинин Борис Исаевич и др.
260 _aМосква.
260 _bНАУКА.
260 _c2013.
300 _a192ст;24см.
653 _aВопросы философии, №10. 2013.
653 _aПериодика
653 _aპერიოდიკა
942 _cCR
999 _c41646
_d41646